Statistics for Biggest cities in the Middle East for each letter

Click here to take the quiz!

General Stats

  • This quiz has been taken 40 times
  • The average score is 11 of 25

Answer Stats

LetterAnswerPopulation% Correct
cCairo7.734m
90%
aAlexandria3.811m
85%
bBaghdad7.216m
85%
dDubai2.956m
85%
iIstanbul17.804m
80%
rRiyadh4.205m
80%
tTehran7.153m
80%
jJeddah2.867m
78%
sSanaa1.937m
78%
gGiza2.443m
53%
lLuxor0.422m
53%
eErbil0.932m
48%
qQom1.201m
48%
mMashhad2.307m
43%
hHoms0.775m
25%
kKonya0.875m
23%
vVan0.371m
23%
nNajaf0.482m
13%
yYazd0.477m
13%
zZarqa0.972m
5%
fFasa0.098m
3%
oOrumiyeh0.557m
3%
pPasragad0.787m
3%
uUEskuedar0.586m
3%
wWest Jerusalem0.421m
3%

Score Distribution

Percentile by Number Answered

Percent of People with Each Score

Your Score History

You have not taken this quiz